000 00679nam a22002417a 4500
003 UA-OsUOA
001 44371
007 ta
008 20070221b un ||||| |||| 00| 0 ukr d
100 _aУокенбах Джон
090 _a004.4
_bУ62
942 _cBK
040 _aUA-OsUOA
_brus
_cUA-OsUOA
_dUA-OsUOA
245 _aMicrosoft Excel 2000. Библия пользователя
300 _a873 с.
955 _a2
041 _arus
080 _a004.4
020 _a5-8459-0144-8
260 _aМ.
_bИздательский дом "Вильямс"
_c2001
650 7 _a00 Загальні питання науки і культури
_2UDC
999 _c330488
_d330488